000 00995nam a2200277 i 4500
003 DO-SdBNP
005 20240502104834.0
007 ta
008 240502b1969 dr a|||| |||| 00| 0 spa d
040 _aDO-SdBNP
_bspa
_cBNPHU
_erda
082 4 _a623.197293
_bM296f
_222
100 1 _aMañón Arredondo, Manuel de Js.
_936401
_eautor
245 1 3 _aLa fortaleza de San Felipe, Puerto Plata :
_bensayo histórico /
_cManuel Js. Mañón Arredondo.
250 _asegunda edición
264 _aSanto Domingo :
_bUniversidad Autónoma de Santo Domingo,
_c1969.
300 _a75 páginas :
_bilustraciones;
_c22 cm.
336 _2rdacontent
_atexto
_btxt
337 _2rdamedia
_asin mediación
_bn
338 _2rdacarrier
_avolumen
_bnc
504 _aBibliografía : p. 74-75
590 _aInventariado, 2024/BT
650 4 _aFortificaciones costera
_zRepública Dominicana
_936403
651 4 _aPuerto Plata
_z(República Dominicana)
_xHistoria local
_936402
910 _aBtavárez
942 _2ddc
_cLBS1
999 _c56581
_d56581